000 01074nas a2200253Ia 4500
001 R950/97474
003 IT-RoPAU
008 151124c99999999xx |||||||||||| ||und||
040 _aIT-RoPAU
040 _cIT-RoPAU
041 _aITALIANO
100 _aVenturi Gianfranco
_gCodice Aut. SPICS: 23189
210 _aVITA IN CRISTO E NELLA CHIESA (LA)
222 _aVita In Cristo E Nella Chiesa (La)
245 _aVITA IN CRISTO E NELLA CHIESA (LA), ANNO 37-N.10 (1988)
_bSposarsi In Chiesa?
250 _a1a ed.
260 _aROMA
_bPIE DISCEPOLE DEL DIVIN MAESTRO
_c1988
501 _bPaulus - SPICS - Società San Paolo EM (non-commercial uses only)
_cCopyright2015
300 _a8 p. [15-22]
362 _aANNO 037, N.10 (1988)
500 _aMatrimonio Cristiano. Celebrazione dell'Amore Nuziale. Celebrazione della Nuova Alleanza Segno dell'Amore tra Cristo e la Chiesa. Rito Cristiano Delle Nozze. Celebrazione Ecclesiale. Celebrazione Festiva. Celebrazione Eucaristica. Celebrazione Profetica.
650 _aLITURGIA
_vPUBBLICAZIONE PERIODICA
942 _cCR
999 _c163040
_d163040